Waldain : Ataat w nafarmani, waqiyat ki zubani (Record no. 63012)

000 -LEADER
fixed length control field 00485nam a22001697a 4500
003 - CONTROL NUMBER IDENTIFIER
control field NUST - PNEC
005 - DATE AND TIME OF LATEST TRANSACTION
control field 20170116180802.0
008 - FIXED-LENGTH DATA ELEMENTS--GENERAL INFORMATION
fixed length control field 150416b xxu||||| |||| 00| 0 eng d
040 ## - CATALOGING SOURCE
Transcribing agency LIBRARY
082 ## - DEWEY DECIMAL CLASSIFICATION NUMBER
Classification number 297.5 ABD
100 ## - MAIN ENTRY--PERSONAL NAME
9 (RLIN) 2640
Personal name Abdul Malik Mujahid
245 ## - TITLE STATEMENT
Title Waldain : Ataat w nafarmani, waqiyat ki zubani
Statement of responsibility, etc. Abdul Malik Mujahid
260 ## - PUBLICATION, DISTRIBUTION, ETC.
Place of publication, distribution, etc. Karachi:
Name of publisher, distributor, etc. Daraul Islam,
300 ## - PHYSICAL DESCRIPTION
Extent 400 p. :
Dimensions 22 cm.
650 ## - SUBJECT ADDED ENTRY--TOPICAL TERM
9 (RLIN) 2641
Topical term or geographic name entry element Islam, Haqooq ul Ibad
General subdivision General
942 ## - ADDED ENTRY ELEMENTS (KOHA)
Source of classification or shelving scheme
Koha item type Book
Holdings
Withdrawn status Lost status Source of classification or shelving scheme Damaged status Not for loan Permanent Location Current Location Shelving location Date acquired Source of acquisition Total Checkouts Full call number Barcode Date last seen Price effective from Koha item type
          Pakistan Navy Engineering College (PNEC) Pakistan Navy Engineering College (PNEC)   06/16/2014 NHQ Islamabad   297.5 ABD PNECLIB-031921 04/16/2015 06/16/2014 Book
© 2023 Central Library, National University of Sciences and Technology. All Rights Reserved.